Teoretické aspekty predčasného splatenia hypotekárneho úveru

Teoretické základy hypotekárneho bankovníctva a problematika predčasného splácania hypoték. Uzavretý a otvorený hypotekárny systém. Rozdiely medzi európskym a americkým modelom hypotekárneho bankovníctva. Model PSA 100 (Public securities association) - metóda odhadu predčasného splatenia. Počítanie...

Descrizione completa

Salvato in:
Dettagli Bibliografici
Autore principale: Horvátová, Eva, 1958-
Natura: Capitolo di libro
Lingua:slovacco
Soggetti:
Tags: Aggiungi Tag
Nessun Tag, puoi essere il primo ad aggiungerne!!

MARC

LEADER 00000naa$a2200000$$$4500
001 0058900
005 20240502071646.3
041 0 |a slo 
044 |a SK 
245 1 0 |a Teoretické aspekty predčasného splatenia hypotekárneho úveru  |c Eva Horvátová 
520 |a Teoretické základy hypotekárneho bankovníctva a problematika predčasného splácania hypoték. Uzavretý a otvorený hypotekárny systém. Rozdiely medzi európskym a americkým modelom hypotekárneho bankovníctva. Model PSA 100 (Public securities association) - metóda odhadu predčasného splatenia. Počítanie potenciálnej miery predčasného splatenia CPR (conditional prepayment rate). 
610 2 0 |a úver hypotekárny 
610 2 0 |a bankovníctvo hypotekárne 
610 2 0 |a hypotéky 
610 2 0 |a sekuritizácia 
100 1 |a Horvátová, Eva, 1958-